000 01118nam a2200241Ia 4500
001 21183
003 GE_BSU
008 181216s||||||||xx |||||||||||||| ||und||
020 _a9789941142062
040 _cGE_BSU
100 _aშონია, ო. თ. შეროზია .
245 _aინფორმაციული ტექნოლოგიები და უსაფრთხოება
245 _b[სახელმძღვ. ინფორმატ. სპეც. სტუდ.]
260 _aთბილისი
260 _bსტუ
260 _c2008.
300 _a84გვ. : ნახ. ; 20სმ.
300 _bბიბლიოგრ.: გვ. 83.
541 _h4ლ.
653 _aინფორმაციული ტექნოლოგიები. ინფორმაციის დაცვა მონაცემთა ბაზებში. ინფორმაციის დაცვა კომპიუტერულ ქსელებშ
653 _aკომპიუტერული ტექნოლოგიები
942 _cBK
999 _c54128
_d54128